| 000 | 00363nam a22001577a 4500 | ||
|---|---|---|---|
| 003 | OSt | ||
| 005 | 20211001095955.0 | ||
| 008 | 211001b |||||||| |||| 00| 0 eng d | ||
| 020 | _a0819172561 | ||
| 040 |
_aHU _cDDC |
||
| 082 | _a327.730 | ||
| 245 | _aAMERICA AND ISLAND CHINA | ||
| 260 |
_aLONDON _bAMERICA _c1989 |
||
| 300 | _a401P,26CM | ||
| 942 |
_2ddc _cBOOKS _n0 |
||
| 999 |
_c8302 _d8302 |
||